[Event "ECU-chT U20"]
[Site "Carpuela"]
[Date "2014.05.05"]
[Round "6.2"]
[White "Paredes Ortiz, Guillermo Javie"]
[Black "Fuentes Villareal, Bayardo Seb"]
[Result "0-1"]
[WhiteElo "1587"]
[BlackElo "1661"]
[PlyCount "62"]
[EventDate "2014.05.03"]
[EventType "team-swiss"]
[EventRounds "7"]
[EventCountry "ECU"]
[SourceTitle "CBM 160 Extra"]
[Source "ChessBase"]
[SourceDate "2014.07.01"]
[SourceVersion "1"]
[SourceVersionDate "2014.07.01"]
[SourceQuality "1"]
[WhiteTeam "Tungurahua"]
[BlackTeam "Carchi"]
[WhiteTeamCountry "ECU"]
[BlackTeamCountry "ECU"]

1. e4 c5 2. Nf3 Nc6 3. Bc4 e6 4. Nc3 Nge7 5. d4 d5 6. exd5 exd5 7. Bb5 cxd4 8. Nxd4 Bd7 9. 0-0 Nf5 10. Re1+ Be7 11. Nxf5 Bxf5 12. Nxd5 Be6 13. Nxe7 Qxe7 14. Qf3 Rc8 15. Bc4 Nd4 16. Qd3 Rxc4 17. Re4 Nxc2 18. Bg5 Nxa1 19. Qxc4 Qxg5 20. Qc8+ Qd8 21. Rxe6+ fxe6 22. Qxe6+ Qe7 23. Qc8+ Kf7 24. Qf5+ Qf6 25. Qd7+ Kg6 26. Qg4+ Qg5 27. Qe6+ Kh5 28. Qh3+ Qh4 29. Qf5+ Kh6 30. g4 g6 31. Qf4+ Qg5 0-1